|
|
|
|
| LEADER |
00000nam0a2200000 4500 |
| 001 |
92895 |
| 005 |
20231101213844.0 |
| 010 |
|
|
|a 5254002204
|
| 035 |
|
|
|a (RuTPU)RU\TPU\book\99501
|
| 090 |
|
|
|a 92895
|
| 100 |
|
|
|a 20060321d1990 km y0rusy50 ca
|
| 101 |
0 |
|
|a rus
|
| 102 |
|
|
|a RU
|
| 105 |
|
|
|a a z 101zy
|
| 200 |
1 |
|
|a Современные методы и приборы неразрушающего контроля
|e материалы семинара
|f Московский Дом научно-технической пропаганды
|
| 210 |
|
|
|a Москва
|c Знание
|d 1990
|
| 215 |
|
|
|a 157 с.
|c ил.
|
| 320 |
|
|
|a Библиография в конце докладов.
|
| 610 |
1 |
|
|a материаловедение
|
| 610 |
1 |
|
|a технический контроль
|
| 610 |
1 |
|
|a неразрушающие методы
|
| 610 |
1 |
|
|a неразрушающий контроль
|
| 610 |
1 |
|
|a приборы
|
| 610 |
1 |
|
|a рентгеновская дефектоскопия
|
| 610 |
1 |
|
|a рентгеновская диагностика
|
| 675 |
|
|
|a 620.179.1(063)
|v 3
|
| 712 |
0 |
2 |
|a Московский Дом научно-технической пропаганды
|2 stltpush
|3 (RuTPU)RU\TPU\col\7885
|9 24405
|
| 801 |
|
1 |
|a RU
|b 63413507
|c 20060321
|g PSBO
|
| 801 |
|
2 |
|a RU
|b 63413507
|c 20070711
|g PSBO
|
| 942 |
|
|
|c BK
|